Mythological Punishments Quiz Stats

 Plays Quiz Updated Nov 5, 2018

Support Sporcle.
Go Orange.
Score 0/13 Timer 05:00
0 Plays Today
Punishment Mythological person % Correct
Forced to complete twelve laborsHeracles
87.9%
Forced to hold up the sky on his shoulders foreverAtlas
83.8%
Turned into a gorgon with snakes for hair, those who gaze on her turn to stoneMedusa
82.4%
Tricked into falling in love with his own reflectionNarcissus
69.8%
Bound to a rock, where an eagle would eat his liver every dayPrometheus
60.4%
Forced to roll a rock up a hill foreverSisyphus
38.9%
Forced to stand forever in a pool of water under a fruit tree. Whenever he reached for the fruit or water, they moved awayTantalus
32.6%
Able to see the future, but cursed that nobody would believe herCassandra
31.3%
Transformed into a cow, and cursed to be forever bitten by gadfliesIo
23.7%
Bound to a wheel of fireIxion
9.3%
Transformed into a deer and eaten by his own dogsActaeon
8.8%
Transformed into a womanTiresias
7.6%
Group of women forced to carry jars of water with holes in the bottomDanaids
5.9%

From the Vault

Every Word from One to Five

by slipkid

Sometimes you need to turn numbers into words. This is one of those times.
Remove Ads.
Support Sporcle.
Get the best of Sporcle when you Go Orange. This ad-free experience offers more features, more stats, and more fun while also helping to support Sporcle. Thank you for becoming a member.

Show Comments

Extras

Top Quizzes Today


Score Distribution

Your Account Isn't Verified!

In order to create a playlist on Sporcle, you need to verify the email address you used during registration. Go to your Sporcle Settings to finish the process.

Report this User

Report this user for behavior that violates our Community Guidelines.

Details: